000 00452nam a2200193Ia 4500
003 0100
008 130303s9999 xx 000 0 und d
040 _cARRUPELIB
050 _aBL2400.B23 1991
100 _aIshakamusa Barashango
245 _aAfrican genesis
245 _bamazing stories of man's beginnings
260 _aSilver spring
260 _bFourth dynasty
260 _C1991
300 _a220p.
300 _b 21cm
942 0 0 _02
999 _c44978
_d44978